Airport City Codes Quiz Stats

 Plays Quiz Updated Jan 10, 2019

Support Sporcle.
Go Orange.
Score 0/16 Timer 05:00
2 Plays Today
Airport Code % Correct
Los Angeles International AirportLAX
92.1%
Charles de Gaulle International AirportCDG
79.1%
Sydney AirportSYD
73.9%
London Heathrow AirportLHR
68.3%
Amsterdam Airport SchipholAMS
67.7%
Madrid Barajas International AirportMAD
65.5%
Frankfurt AirportFRA
61.6%
Singapore Changi AirportSIN
57.4%
Airport Code % Correct
London Gatwick AirportLGW
53.8%
O'Hare International AirportORD
47.9%
Narita International AirportNRT
43.9%
Bangkok International AirportBKK
43%
Toronto Pearson International AirportYYZ
36.8%
Beijing Capital International AirportPEK
34.6%
Dubai International AirportDXB
32.4%
Tokyo International AirportHND
20.4%

From the Vault

Well-Known Movie by Tough Image VII

by Larryholmes79

Movies 8m
You've probably seen a handful of these, but how well were you paying attention?
Remove Ads.
Support Sporcle.
Get the best of Sporcle when you Go Orange. This ad-free experience offers more features, more stats, and more fun while also helping to support Sporcle. Thank you for becoming a member.

Show Comments

Extras

Top Quizzes Today


Score Distribution

Your Account Isn't Verified!

In order to create a playlist on Sporcle, you need to verify the email address you used during registration. Go to your Sporcle Settings to finish the process.

Report this User

Report this user for behavior that violates our Community Guidelines.

Details: